| 000 | 00750nam a2200205 a 4500 | ||
|---|---|---|---|
| 001 | BRCA_5159 | ||
| 005 | 20190320204950.0 | ||
| 008 | 900206s1875 mx-ac#####---#000-0#spa-# | ||
| 041 | _aspa | ||
| 044 | _amx | ||
| 050 | 4 |
_aF1231 _b.P65 1875 |
|
| 245 | 1 | 0 |
_aPolémica entre el Diario oficial y la Colonia española sobre la administración virreinal en Nueva-España y la colonización en México _bcopia de todos los incidentes a que dicha polémica ha dado lugar. |
| 260 |
_aMéxico _bHospicio de San Nicolás _c1875 |
||
| 300 |
_a2 v. _bil., láminas, retratos _c21 cm. |
||
| 500 | _aDD62 | ||
| 651 | 4 |
_aMéxico _xPolítica y gobierno _y1821-1861 _94526 |
|
| 651 | 4 |
_aMéxico _xHistoria _yColonia, 1521-1821 _912461 |
|
| 902 | _aGFM | ||
| 942 |
_2lcc _cB |
||
| 999 |
_c4853 _d4853 |
||